El problema político-económico de la Educación

Shranjeno v:
Bibliografske podrobnosti
Glavni avtor: Bousquet, Jacques
Format: Knjiga
Jezik:španščina
Izdano: Madrid, España Instituto de Estudios Políticos 1960
Teme:
Oznake: Označite
Brez oznak, prvi označite!

MARC

LEADER 00000nam a2200000 a 4500
001 UCU0603
003 CL-VaPUC
005 20240826151852.0
008 960322e19600000SP |||||||||||||||||spa|d
999 |c 245443  |d 245441 
040 |c Pontificia Universidad Católica de Valparaíso 
082 0 4 |a 379.11 BOU 1960  |2 21 
100 0 |a Bousquet, Jacques  |9 355928 
245 1 3 |a El problema político-económico de la Educación 
260 0 3 |a Madrid, España  |b Instituto de Estudios Políticos  |c 1960 
300 |a 316 páginas 
583 |a last modification  |c 19960322 00:00:00  |k Rodrigo Vera 
650 0 |a Política educacional  |9 308011 
650 0 |a Estado y educación   |9 311264 
650 7 |a DESARROLLO DE LA EDUCACION  |2 CL-VaPUC  |9 355929 
650 0 |a Relación escuela- comunidad   |9 338811 
650 7 |a PSICOSOCIOLOGIA EDUCACIONAL  |2 CL-VaPUC  |9 338387 
650 0 |a Economía de la educación  |9 338885 
942 |c BK  |2 ddc 
945 |d 19960322 00:00:00  |a paguirre 
952 |0 0  |1 0  |2 ddc  |4 0  |6 379_110000000000000_BOU_1960  |7 0  |8 P  |9 259950  |a BIBEDU  |b BIBEDU  |c BIBEDU_PB  |d 2019-11-19  |i 1636375  |o 379.11 BOU 1960  |p 1636375  |r 2024-01-25  |t 1  |w 2019-11-19  |y BK  |k EDU